| 000 | 00330nam a22001217a 4500 | ||
|---|---|---|---|
| 999 |
_c1515 _d1515 |
||
| 008 | 200124b ||||| |||| 00| 0 eng d | ||
| 110 |
_91147 _aIIT Kharagpur |
||
| 245 | 1 | 0 | _aProceedings of the conference on ships ocean technology |
| 260 |
_aNew Delhi _bAllied Publication Ltd. _cx |
||
| 300 | _ax | ||
| 650 | 0 | _aShipping | |
| 942 | _cBK | ||